000 00870cam a22002653a 4500
001 32755
003 PGUSA
005 20140828083717.0
008 100609s2010||||xxu|||||s|||||000 | eng d
040 _aPGUSA
_beng
042 _adc
050 4 _aPG
100 1 _aNemirovich-Danchenko, Vasilii Ivanovich,
_d1848-1936
245 1 0 _aPeasant Tales of Russia
_h[electronic resource] /
_cVasilii Ivanovich Nemirovich-Danchenko
260 _bProject Gutenberg,
_c2010
505 0 _aThe deserted mine -- Mahmoud's family -- A misunderstanding -- The luck of Ivan the Forgetful.
506 _aPublic domain in the USA.
516 _aElectronic text
653 _aTales -- Russia
700 1 _aHarbour, Jennie,
_d1893-1959
700 1 _aField, Claud,
_d1863-1941
830 0 _aProject Gutenberg
_v32755
856 4 0 _uhttp://www.gutenberg.org/ebooks/32755
942 _cEB
999 _c262010
_d262010